Aktuelle Zweitligastadien - Sudden Death - Statistiken

Allgemein
  • Dieses Quiz wurde 57 mal gespielt
  • Das Durchschnittsergebnis liegt bei 11 aus 18
Answers on the Grid
Answers color-coded by a green-red scale on the quiz's grid according to % correct below.
Heinz-von-Heiden-Arena
Eintracht-Stadion
Preußenstadion
Holstein-Stadion
Olympiastadion
Avnet Arena
Rudolf-Harbig-Stadion
Max-Morlock-Stadion
BBBank Wildpark
Fritz-Walter-Stadion
Ursapharm-Arena an der Kaiserlinde
Merkur Spiel Arena
Vonovia Ruhrstadion
Schüco Arena
Merck Stadion am Böllenfalltor
Sportpark Ronhof
Home Deluxe Arena
Veltins Arena
WWK Arena
Volksparkstadion
Rheinenergiestadion
Alte Försterei
Mewa Arena
Erzgebirgsstadion
Europa-Park-Stadion
Schauinsland Reisen Arena
Donaustadion
Jahnstadion
Ostseestadion
Bremer Brücke
 
Antwortstatistiken
Antwort % Korrekt
Holstein-Stadion
80%
Fritz-Walter-Stadion
78%
Max-Morlock-Stadion
78%
Olympiastadion
76%
Schüco Arena
74%
Preußenstadion
72%
Veltins Arena
72%
BBBank Wildpark
63%
Merkur Spiel Arena
63%
Vonovia Ruhrstadion
63%
Heinz-von-Heiden-Arena
59%
Merck Stadion am Böllenfalltor
59%
Sportpark Ronhof
59%
Eintracht-Stadion
54%
Rudolf-Harbig-Stadion
54%
Ursapharm-Arena an der Kaiserlinde
54%
Home Deluxe Arena
50%
Avnet Arena
37%
Keine übereinstimmenden Quizze gefunden
Verteilung der Resultate
Anzahl Personen mit jedem Resultat
Perzentil nach korrekt beantworteten Fragen
Ihre Resultats-Entwicklung
Sie haben dieses Quiz noch nicht gespielt